[Event "LTU-chT (Women)"]
[Site "Lithuania"]
[Date "2015.03.29"]
[Round "7.1"]
[White "Gaizauskaite, Ginte"]
[Black "Kaspute, Vesta"]
[Result "0-1"]
[WhiteElo "1782"]
[BlackElo "2062"]
[PlyCount "110"]
[EventDate "2015.01.24"]
[EventType "team-swiss"]
[EventRounds "7"]
[EventCountry "LTU"]
[SourceTitle "EXT 2018"]
[Source "ChessBase"]
[SourceDate "2017.10.13"]
[SourceVersion "1"]
[SourceVersionDate "2017.10.13"]
[SourceQuality "1"]
[WhiteTeam "Ukmerge Damos (W)"]
[BlackTeam "Vilnius MRU (W)"]
[WhiteTeamCountry "LTU"]
[BlackTeamCountry "LTU"]

1. d4 Nf6 2. g3 g6 3. Bg2 d5 4. Nf3 Bg7 5. c4 0-0 6. cxd5 Nxd5 7. 0-0 Nb6 8. Nc3 Nc6 9. e3 e5 10. d5 Na5 11. Nd2 Nac4 12. Nxc4 Nxc4 13. Qb3 Nd6 14. e4 f5 15. Re1 Rf7 16. Be3 f4 17. Bc5 b6 18. Bxd6 cxd6 19. Rac1 Bh6 20. Rc2 Rc7 21. a4 Rc5 22. Nb5 a6 23. Rxc5 bxc5 24. Na3 Qc7 25. Qc3 Rb8 26. Nc4 Bd7 27. a5 Rb4 28. Nb6 Rd4 29. Re2 Bb5 30. Re1 fxg3 31. Qxg3 Bd2 32. Ra1 Bxa5 33. Na8 Qb7 34. Qg4 Bd7 35. Qf3 Bd8 36. Bh3 Bxh3 37. Qxh3 Qxa8 38. Qe6+ Kg7 39. Qd7+ Kh6 40. f3 Bg5 41. Qh3+ Kg7 42. Qd7+ Kh8 43. Qxd6 Qd8 44. Qxe5+ Qf6 45. Qe8+ Kg7 46. Qd7+ Qf7 47. Qg4 Be3+ 48. Kf1 h5 49. Qh3 Rxe4 50. Rxa6 Re5 51. Rd6 Rxd5 52. Re6 Bd4 53. Re4 Rf5 54. Kg2 Rg5+ 55. Kf1 Qc4+ 0-1

[Event "LTU-chT (Women)"]
[Site "Lithuania"]
[Date "2015.02.16"]
[Round "5.3"]
[White "Gaizauskaite, Ginte"]
[Black "Juciute, Henrieta"]
[Result "1-0"]
[WhiteElo "1782"]
[BlackElo "1845"]
[PlyCount "133"]
[EventDate "2015.01.24"]
[EventType "team-swiss"]
[EventRounds "7"]
[EventCountry "LTU"]
[SourceTitle "EXT 2018"]
[Source "ChessBase"]
[SourceDate "2017.10.13"]
[SourceVersion "1"]
[SourceVersionDate "2017.10.13"]
[SourceQuality "1"]
[WhiteTeam "Ukmerge Damos (W)"]
[BlackTeam "Kaunas Margiris (W) II"]
[WhiteTeamCountry "LTU"]
[BlackTeamCountry "LTU"]

1. d4 g6 2. e4 Bg7 3. Nc3 d6 4. Be3 f5 5. f3 e5 6. Qd2 exd4 7. Bxd4 Bxd4 8. Qxd4 Qf6 9. Qc4 Nc6 10. 0-0-0 a6 11. Nd5 Qg7 12. Nxc7+ Qxc7 13. Qc3 Be6 14. exf5 gxf5 15. a3 Rc8 16. Qxh8 Ne5 17. c3 Qe7 18. Kb1 Kd7 19. f4 Nc6 20. Re1 Nf6 21. Rxe6 Qxe6 22. Qg7+ Ne7 23. Nf3 Nfd5 24. Nd4 Qe4+ 25. Ka2 Qxf4 26. Bd3 Nxc3+ 27. Kb3 Ne4 28. Ka2 Qe5 29. Qxe5 dxe5 30. Bxe4 fxe4 31. Nb3 Nd5 32. Re1 e3 33. Re2 b6 34. Kb1 Ke6 35. Nc1 Kf5 36. Rc2 Rxc2 37. Kxc2 Nf4 38. g3 Nd5 39. Kd3 Nf6 40. h3 Nd5 41. Ne2 h6 42. Ng1 h5 43. Ne2 a5 44. a4 h4 45. gxh4 Nf4+ 46. Kxe3 Ng2+ 47. Kd3 e4+ 48. Kd4 Nxh4 49. Ng3+ Ke6 50. Nxe4 Nf5+ 51. Kc4 Ke5 52. Nf2 Nd6+ 53. Kd3 Kf4 54. Kd4 b5 55. Kc5 Nc4 56. axb5 Nxb2 57. Kd4 Na4 58. Kc4 Kg3 59. Ne4+ Kxh3 60. Nc3 Nb6+ 61. Kc5 Nd7+ 62. Kc6 Ne5+ 63. Kd5 Nd7 64. Na4 Kg4 65. Kd6 Nf6 66. b6 Ne4+ 67. Kc6 1-0

[Event "LTU-chT (Women)"]
[Site "Lithuania"]
[Date "2015.02.14"]
[Round "3.5"]
[White "Maciuityte, Greta"]
[Black "Gaizauskaite, Ginte"]
[Result "0-1"]
[WhiteElo "1645"]
[BlackElo "1782"]
[PlyCount "42"]
[EventDate "2015.01.24"]
[EventType "team-swiss"]
[EventRounds "7"]
[EventCountry "LTU"]
[SourceTitle "EXT 2018"]
[Source "ChessBase"]
[SourceDate "2017.10.13"]
[SourceVersion "1"]
[SourceVersionDate "2017.10.13"]
[SourceQuality "1"]
[WhiteTeam "Plunge Bokstas (W) II"]
[BlackTeam "Ukmerge Damos (W)"]
[WhiteTeamCountry "LTU"]
[BlackTeamCountry "LTU"]

1. e4 c5 2. d4 cxd4 3. c3 Nf6 4. e5 Nd5 5. cxd4 e6 6. a3 Nc6 7. Nf3 d6 8. Bb5 Qa5+ 9. Nc3 Nxc3 10. Bxc6+ bxc6 11. bxc3 Qxc3+ 12. Bd2 Qd3 13. Qc1 Bb7 14. Qb2 Qb5 15. Qc2 Ba6 16. Bf4 d5 17. Rc1 Rc8 18. Ng5 Bxa3 19. Rb1 Bb4+ 20. Kd1 c5 21. Qb3 Qe2+ 0-1

[Event "LTU-chT (Women)"]
[Site "Lithuania"]
[Date "2015.01.24"]
[Round "1.2"]
[White "Civilkiene, Ilona"]
[Black "Gaizauskaite, Ginte"]
[Result "0-1"]
[WhiteElo "2067"]
[BlackElo "1782"]
[PlyCount "82"]
[EventDate "2015.01.24"]
[EventType "team-swiss"]
[EventRounds "7"]
[EventCountry "LTU"]
[SourceTitle "EXT 2018"]
[Source "ChessBase"]
[SourceDate "2017.10.13"]
[SourceVersion "1"]
[SourceVersionDate "2017.10.13"]
[SourceQuality "1"]
[WhiteTeam "Plunge Bokstas (W)"]
[BlackTeam "Ukmerge Damos (W)"]
[WhiteTeamCountry "LTU"]
[BlackTeamCountry "LTU"]

1. e4 c5 2. Nf3 g6 3. Bc4 Nc6 4. 0-0 Bg7 5. c3 Qc7 6. d4 cxd4 7. cxd4 d6 8. Nc3 Nf6 9. d5 Na5 10. Bb5+ Bd7 11. Bf4 a6 12. Bd3 Nh5 13. Be3 Nc4 14. Bxc4 Qxc4 15. Rc1 Rc8 16. Bd4 0-0 17. Bxg7 Kxg7 18. Nd4 Nf4 19. b3 Qd3 20. Nde2 Nxe2+ 21. Qxe2 Rxc3 22. Qb2 Rfc8 23. Rfd1 Qxe4 24. Rxc3 Rxc3 25. Qxc3+ Kg8 26. f3 Qf5 27. Qc7 b5 28. Kf2 h5 29. Rc1 Qxd5 30. Qxd7 Qd2+ 31. Kg3 Qxc1 32. Qxe7 Qc5 33. Qb7 Qe5+ 34. Kf2 Qb2+ 35. Kg3 Qe5+ 36. Kf2 Qb2+ 37. Kg3 Qxa2 38. Qb8+ Kh7 39. Qxd6 Qxb3 40. Qxa6 Qd5 41. Qb6 Qc4 0-1

[Event "EU-ch U16 Girls 23rd"]
[Site "Budva"]
[Date "2013.10.07"]
[Round "8"]
[White "Gaizauskaite, Ginte"]
[Black "Drogovoz, Maria"]
[Result "1/2-1/2"]
[WhiteElo "1769"]
[BlackElo "1890"]
[PlyCount "49"]
[EventDate "2013.09.29"]
[EventType "swiss"]
[EventRounds "9"]
[EventCountry "MNE"]
[SourceTitle "EXT 2014"]
[Source "ChessBase"]
[SourceDate "2013.11.20"]
[SourceVersion "1"]
[SourceVersionDate "2013.11.20"]
[SourceQuality "1"]

1. d4 Nf6 2. c4 g6 3. f3 d5 4. cxd5 Nxd5 5. e4 Nb6 6. Nc3 Bg7 7. Be3 e5 8. d5 c6 9. Qd2 cxd5 10. exd5 0-0 11. h4 N8d7 12. h5 Nf6 13. hxg6 fxg6 14. 0-0-0 Bd7 15. Kb1 Bf5+ 16. Ka1 Qd6 17. g4 Bd7 18. Bh6 Qe7 19. d6 Qe6 20. Bd3 Bc6 21. Bc2 Bxh6 22. Qxh6 Nc4 23. Qh2 e4 24. g5 Nh5 25. Nxe4 1/2-1/2

[Event "EU-ch U16 Girls 23rd"]
[Site "Budva"]
[Date "2013.10.06"]
[Round "7"]
[White "Choladze, Mariam"]
[Black "Gaizauskaite, Ginte"]
[Result "1-0"]
[WhiteElo "1900"]
[BlackElo "1769"]
[PlyCount "55"]
[EventDate "2013.09.29"]
[EventType "swiss"]
[EventRounds "9"]
[EventCountry "MNE"]
[SourceTitle "EXT 2014"]
[Source "ChessBase"]
[SourceDate "2013.11.20"]
[SourceVersion "1"]
[SourceVersionDate "2013.11.20"]
[SourceQuality "1"]

1. e4 c5 2. Nf3 a6 3. c3 e6 4. d4 d5 5. e5 Bd7 6. Bd3 cxd4 7. cxd4 Bb5 8. 0-0 Ne7 9. Nc3 Bxd3 10. Qxd3 h5 11. Bg5 Qd7 12. Rac1 Nbc6 13. Ne2 Nf5 14. Nh4 Nxh4 15. Bxh4 Be7 16. Bxe7 Qxe7 17. f4 g6 18. a3 Na5 19. Rc3 Nc4 20. Qc2 0-0 21. f5 exf5 22. Nf4 Rad8 23. Nxh5 Qh4 24. Nf4 Kg7 25. Rh3 Qe7 26. Rg3 Nxe5 27. dxe5 Qxe5 28. Qd2 1-0

[Event "EU-ch U16 Girls 23rd"]
[Site "Budva"]
[Date "2013.10.01"]
[Round "3"]
[White "Vasilenko, Ekaterina"]
[Black "Gaizauskaite, Ginte"]
[Result "0-1"]
[WhiteElo "1632"]
[BlackElo "1769"]
[PlyCount "130"]
[EventDate "2013.09.29"]
[EventType "swiss"]
[EventRounds "9"]
[EventCountry "MNE"]
[SourceTitle "EXT 2014"]
[Source "ChessBase"]
[SourceDate "2013.11.20"]
[SourceVersion "1"]
[SourceVersionDate "2013.11.20"]
[SourceQuality "1"]

1. e4 c5 2. c3 Nf6 3. e5 Nd5 4. d4 cxd4 5. Nf3 e6 6. cxd4 b6 7. Nc3 Nxc3 8. bxc3 Qc7 9. Bd2 Bb7 10. Bd3 d6 11. 0-0 Nd7 12. Qe2 dxe5 13. Nxe5 Nxe5 14. dxe5 Bc5 15. Bb5+ Bc6 16. Bxc6+ Qxc6 17. Qg4 0-0-0 18. Qe2 h5 19. a4 a5 20. Be3 Rd5 21. Qf3 Bxe3 22. Qxe3 Qc7 23. Rfe1 Rhd8 24. Rab1 Rc5 25. Rb3 Rxe5 26. Qc1 Rc5 27. Qb2 Rd6 28. Rb1 Kb7 29. Rc1 g6 30. Qe2 Rdc6 31. Qe3 Rc4 32. Rcb1 Rxa4 33. Rxb6+ Qxb6 34. Rxb6+ Rxb6 35. Qf3+ Ka7 36. g3 f5 37. Qd1 Rc4 38. Qd7+ Ka6 39. Qd3 Rbc6 40. h3 Kb6 41. Qb1+ Kc5 42. Qa2 a4 43. Kg2 Rb6 44. Qa3+ Kd5 45. Qe7 Rb3 46. Qd7+ Ke5 47. f4+ Ke4 48. Qxe6+ Kd3 49. Qxg6 a3 50. Qxf5+ Kxc3 51. Qe5+ Rd4 52. Qc5+ Kd3 53. Qf5+ Kd2 54. Qa5+ Rc3 55. f5 Rdd3 56. g4 hxg4 57. hxg4 Kc1 58. f6 Rc2+ 59. Kf1 Rd1+ 60. Qe1 Rxe1+ 61. Kxe1 a2 62. f7 Rc8 63. f8Q Rxf8 64. g5 a1Q 65. g6 Qe5# 0-1

[Event "Panevezys op-A 26th"]
[Site "Panevezys"]
[Date "2013.08.18"]
[Round "9"]
[White "Gaizauskaite, Ginte"]
[Black "Velioniskis, Robertas"]
[Result "0-1"]
[WhiteElo "1735"]
[BlackElo "1988"]
[PlyCount "116"]
[EventDate "2013.08.12"]
[EventType "swiss"]
[EventRounds "9"]
[EventCountry "LTU"]
[SourceTitle "CBM 155 Extra"]
[Source "ChessBase"]
[SourceDate "2013.08.26"]
[SourceVersion "1"]
[SourceVersionDate "2013.08.26"]
[SourceQuality "1"]

1. d4 d5 2. c4 c6 3. Nc3 dxc4 4. a4 Nf6 5. Nf3 Bf5 6. Ne5 e6 7. f3 c5 8. e4 Bg6 9. Be3 cxd4 10. Bxd4 Nfd7 11. Nxc4 Nc6 12. Be3 Nc5 13. Nb5 b6 14. Bf4 Qxd1+ 15. Rxd1 Rd8 16. Nc7+ Ke7 17. Bd6+ Kf6 18. e5+ Kf5 19. Nb5 a6 20. Nd4+ Nxd4 21. Rxd4 Bxd6 22. g4+ Kg5 23. h4+ Kh6 24. exd6 f6 25. Nxb6 Rb8 26. a5 Nb3 27. Ra4 Nxa5 28. Rxa5 Rxb6 29. g5+ Kh5 30. Be2 Bf5 31. gxf6 gxf6 32. f4+ Kh6 33. Rxa6 Rxb2 34. Bf3 e5 35. fxe5 Rc8 36. 0-0 Bd3 37. d7 Rg8+ 38. Kh1 Bxa6 39. Rd1 Be2 40. Bxe2 Rxe2 41. d8Q Rxd8 42. Rxd8 fxe5 43. Rc8 Kh5 44. Rc7 h6 45. Rc6 Kxh4 46. Rxh6+ Kg3 47. Rg6+ Kf3 48. Rf6+ Ke3 49. Kg1 e4 50. Ra6 Rd2 51. Kf1 Rd1+ 52. Kg2 Ke2 53. Re6 e3 54. Kg3 Kd2 55. Kf3 Rf1+ 56. Kg2 e2 57. Rd6+ Kc3 58. Rc6+ Kd4 0-1

[Event "Panevezys op-A 26th"]
[Site "Panevezys"]
[Date "2013.08.14"]
[Round "4"]
[White "Vanagas, Tadas"]
[Black "Gaizauskaite, Ginte"]
[Result "1-0"]
[WhiteElo "2107"]
[BlackElo "1735"]
[PlyCount "89"]
[EventDate "2013.08.12"]
[EventType "swiss"]
[EventRounds "9"]
[EventCountry "LTU"]
[SourceTitle "CBM 155 Extra"]
[Source "ChessBase"]
[SourceDate "2013.08.26"]
[SourceVersion "1"]
[SourceVersionDate "2013.08.26"]
[SourceQuality "1"]

1. d4 d6 2. Nf3 Bg4 3. e4 Nd7 4. c4 c6 5. Nc3 g6 6. Be2 Bg7 7. Be3 Bxf3 8. Bxf3 Ngf6 9. Be2 0-0 10. Qd2 e5 11. 0-0 Qe7 12. f3 Ne8 13. Rad1 exd4 14. Bxd4 Bxd4+ 15. Qxd4 Nb6 16. b4 c5 17. bxc5 dxc5 18. Qe3 Rc8 19. a4 Nd6 20. Qc1 Qe6 21. Nd5 Nxd5 22. Rxd5 Rc6 23. Qd2 Nc8 24. Rb1 Nb6 25. Qa5 Qe7 26. Rd2 Nc8 27. Qc3 Rd6 28. Rxd6 Nxd6 29. Bd3 Re8 30. g3 b6 31. a5 Qc7 32. e5 Nb7 33. axb6 axb6 34. Be4 Na5 35. f4 Rd8 36. Bd5 Re8 37. Qb2 Nc6 38. Qxb6 Qxb6 39. Rxb6 Nb4 40. Rb7 Nxd5 41. cxd5 Rd8 42. d6 f6 43. Kf2 fxe5 44. fxe5 Re8 45. e6 1-0

[Event "Panevezys op-A 26th"]
[Site "Panevezys"]
[Date "2013.08.13"]
[Round "3"]
[White "Gaizauskaite, Ginte"]
[Black "Klabis, Rokas"]
[Result "0-1"]
[WhiteElo "1735"]
[BlackElo "2218"]
[PlyCount "58"]
[EventDate "2013.08.12"]
[EventType "swiss"]
[EventRounds "9"]
[EventCountry "LTU"]
[SourceTitle "CBM 155 Extra"]
[Source "ChessBase"]
[SourceDate "2013.08.26"]
[SourceVersion "1"]
[SourceVersionDate "2013.08.26"]
[SourceQuality "1"]

1. d4 Nf6 2. c4 e6 3. Nc3 Bb4 4. Qc2 b6 5. e3 Bb7 6. Nf3 0-0 7. Bd3 d6 8. Bd2 Nbd7 9. 0-0 e5 10. Ne4 Bxd2 11. Nfxd2 h6 12. Rac1 Re8 13. Rfe1 Qe7 14. h3 Rad8 15. b4 Nf8 16. Nxf6+ Qxf6 17. Nb3 Qg5 18. d5 Bc8 19. Kh1 f5 20. Qd2 Ng6 21. Bc2 Rf8 22. Rcd1 Rf6 23. Rf1 f4 24. Bxg6 Rxg6 25. Rg1 Rf8 26. f3 fxe3 27. Qe2 Qh5 28. Kh2 Bxh3 29. gxh3 Rxf3 0-1

[Event "Klaipeda Sea op-A 10th"]
[Site "Klaipeda"]
[Date "2013.07.28"]
[Round "7"]
[White "Norkunas, Domas"]
[Black "Gaizauskaite, Ginte"]
[Result "1-0"]
[WhiteElo "1806"]
[BlackElo "1735"]
[PlyCount "71"]
[EventDate "2013.07.22"]
[EventType "swiss"]
[EventRounds "7"]
[EventCountry "LTU"]
[SourceTitle "CBM 155 Extra"]
[Source "ChessBase"]
[SourceDate "2013.08.26"]
[SourceVersion "1"]
[SourceVersionDate "2013.08.26"]
[SourceQuality "1"]

1. e4 c5 2. Nc3 Nc6 3. f4 g6 4. Nf3 Bg7 5. Bb5 e6 6. Bxc6 bxc6 7. e5 Ne7 8. Ne4 Nd5 9. Nd6+ Kf8 10. d3 h6 11. c4 Ne7 12. 0-0 Nf5 13. Ne4 Qb6 14. Rb1 Ba6 15. g4 Nd4 16. Be3 d5 17. Nxc5 Qxc5 18. Nxd4 Kg8 19. Qa4 Qb6 20. Nf5 c5 21. Nd6 Bf8 22. b4 d4 23. Bd2 Rb8 24. Rb3 Bxd6 25. exd6 Bb7 26. bxc5 Qxc5 27. Rfb1 Kg7 28. Rxb7 Qxd6 29. Qxa7 Rbf8 30. Rd7 Qc6 31. Qxd4+ Kg8 32. Bc3 Rh7 33. Rd8 f5 34. Rxf8+ Kxf8 35. Qf6+ Ke8 36. Rb8+ 1-0

[Event "Klaipeda Sea op-A 10th"]
[Site "Klaipeda"]
[Date "2013.07.25"]
[Round "4"]
[White "Rimeikis, Andrius"]
[Black "Gaizauskaite, Ginte"]
[Result "1-0"]
[WhiteElo "2131"]
[BlackElo "1735"]
[PlyCount "81"]
[EventDate "2013.07.22"]
[EventType "swiss"]
[EventRounds "7"]
[EventCountry "LTU"]
[SourceTitle "CBM 155 Extra"]
[Source "ChessBase"]
[SourceDate "2013.08.26"]
[SourceVersion "1"]
[SourceVersionDate "2013.08.26"]
[SourceQuality "1"]

1. d4 Nf6 2. Nc3 d5 3. Bg5 Bf5 4. e3 e6 5. Bd3 Bxd3 6. Qxd3 Be7 7. Nf3 Nbd7 8. 0-0 0-0 9. Ne2 Ne4 10. Bxe7 Qxe7 11. c4 f5 12. Rac1 c6 13. Qc2 Kh8 14. Nd2 Ndf6 15. Nf4 Nxd2 16. Qxd2 g5 17. Nd3 Nh5 18. b4 f4 19. Ne5 g4 20. exf4 Nxf4 21. f3 Qg5 22. Kh1 g3 23. Rc2 Qh4 24. h3 Rg8 25. Kg1 Rg7 26. Ng4 Rf8 27. cxd5 exd5 28. b5 h5 29. Ne3 Re8 30. bxc6 bxc6 31. Rxc6 Nxh3+ 32. gxh3 Qxh3 33. Qg2 Qd7 34. Rh6+ Kg8 35. Re1 Rg5 36. f4 Rg4 37. Rxh5 Qf7 38. Qh3 Qxf4 39. Rh8+ Kf7 40. Rf1 Rxe3 41. Qxg4 1-0

[Event "Baltija Cup"]
[Site "Palanga"]
[Date "2012.06.20"]
[Round "2"]
[White "Gaizauskaite, Ginte"]
[Black "Petrovskis, Olegs"]
[Result "1/2-1/2"]
[WhiteElo "1666"]
[BlackElo "1901"]
[PlyCount "72"]
[EventDate "2012.06.19"]
[EventType "swiss"]
[EventRounds "8"]
[EventCountry "LTU"]
[SourceTitle "CBM 149 Extra"]
[Source "ChessBase"]
[SourceDate "2012.08.24"]
[SourceVersion "1"]
[SourceVersionDate "2012.08.24"]
[SourceQuality "1"]

1. d4 d5 2. c4 c6 3. Nf3 Nf6 4. Nc3 e6 5. e3 Nbd7 6. Bd3 Bd6 7. e4 dxe4 8. Nxe4 Nxe4 9. Bxe4 0-0 10. 0-0 e5 11. Qc2 h6 12. Re1 exd4 13. Nxd4 Nf6 14. Nf5 Nxe4 15. Qxe4 Bxf5 16. Qxf5 Qh4 17. g3 Qxc4 18. Bxh6 Rfe8 19. Rxe8+ Rxe8 20. Qd7 Qe6 21. Qxe6 Rxe6 22. Be3 a6 23. Rd1 Kf8 24. Rxd6 Rxd6 25. Bc5 Ke7 26. h4 b5 27. g4 Ke6 28. Bxd6 Kxd6 29. f4 c5 30. h5 Ke6 31. Kf2 f6 32. Ke3 f5 33. g5 Kf7 34. Kd3 Ke7 35. b3 Kf7 36. a4 Ke7 1/2-1/2

[Event "Baltija Cup"]
[Site "Palanga"]
[Date "2012.06.19"]
[Round "1"]
[White "Vaicekauskas, Gytis"]
[Black "Gaizauskaite, Ginte"]
[Result "1/2-1/2"]
[WhiteElo "2058"]
[BlackElo "1666"]
[PlyCount "140"]
[EventDate "2012.06.19"]
[EventType "swiss"]
[EventRounds "8"]
[EventCountry "LTU"]
[SourceTitle "CBM 149 Extra"]
[Source "ChessBase"]
[SourceDate "2012.08.24"]
[SourceVersion "1"]
[SourceVersionDate "2012.08.24"]
[SourceQuality "1"]

1. e4 c5 2. Nf3 Nc6 3. Bb5 e6 4. 0-0 Nge7 5. Re1 a6 6. Bf1 d5 7. exd5 Nxd5 8. d4 cxd4 9. Nxd4 Be7 10. Nxc6 bxc6 11. Nd2 0-0 12. Nf3 Bf6 13. c3 Qb6 14. Qc2 a5 15. c4 Nb4 16. Qa4 Rd8 17. Be3 c5 18. Rad1 Bb7 19. a3 Bc6 20. Qb3 a4 21. Qxb4 Qxb4 22. axb4 cxb4 23. Nd4 Be8 24. g3 a3 25. Bg2 Ra6 26. bxa3 bxa3 27. Nc2 Rxd1 28. Rxd1 a2 29. Na1 Ra4 30. Bf1 Rb4 31. Bd3 Ba4 32. Rf1 Rb2 33. h4 g6 34. Kh2 Be5 35. Kh3 f5 36. Rc1 Bf6 37. c5 Bc6 38. Bc4 Rb1 39. Bxe6+ Kf8 40. Bxa2 Rxc1 41. Bxc1 Bxa1 42. Bh6+ Ke7 43. Bg8 Kf6 44. f4 Bd4 45. Bxh7 Bxc5 46. h5 Be8 47. Kh4 Bf7 48. hxg6 Bxg6 49. Bg8 Bf7 50. Bh7 Bg6 51. Bg8 Bf7 52. Bg5+ Kg7 53. Bxf7 Kxf7 54. Kh5 Ke6 55. Kg6 Bb6 56. g4 fxg4 57. f5+ Kd7 58. f6 Bc5 59. Bh4 Bd6 60. f7 Bc5 61. Kg7 Bb4 62. Kf6 Be7+ 63. Kf5 Bf8 64. Be1 Bc5 65. Kg6 Bd6 66. Bg3 Bc5 67. Kf6 Be7+ 68. Kf5 Bc5 69. Bh4 Bb4 70. Kxg4 Ke6 1/2-1/2

[Event "Vilnius op"]
[Site "Vilnius"]
[Date "2011.11.27"]
[Round "9"]
[White "Vaitkevicius, Paulius"]
[Black "Gaizauskaite, Ginte"]
[Result "0-1"]
[WhiteElo "1697"]
[BlackElo "1662"]
[PlyCount "116"]
[EventDate "2011.11.19"]
[EventType "swiss"]
[EventRounds "9"]
[EventCountry "LTU"]
[SourceTitle "CBM 145 Extra"]
[Source "ChessBase"]
[SourceDate "2012.01.03"]
[SourceVersion "1"]
[SourceVersionDate "2012.01.03"]
[SourceQuality "1"]

1. e4 c5 2. Nf3 Nc6 3. d4 cxd4 4. Nxd4 g6 5. Nxc6 bxc6 6. Qd4 Nf6 7. e5 Nd5 8. e6 f6 9. exd7+ Qxd7 10. Bd3 Bg7 11. 0-0 0-0 12. Bc4 f5 13. Qd3 Kh8 14. Bb3 Rd8 15. Rd1 Nb6 16. Qxd7 Rxd7 17. Rxd7 Nxd7 18. c3 Nc5 19. Bc2 Ba6 20. Be3 Nd3 21. Bxd3 Bxd3 22. Na3 e5 23. Rd1 e4 24. Rd2 a6 25. Nc2 Bxc2 26. Rxc2 Rd8 27. g3 Kg8 28. Kf1 Kf7 29. Ke2 Bf6 30. Bd4 Bg5 31. Be3 Bf6 32. a4 Rd7 33. Bb6 Rd3 34. Rd2 Rxd2+ 35. Kxd2 Ke6 36. Kc2 Kd5 37. Kb3 c5 38. Kc2 Bg5 39. Bc7 Bh6 40. h4 Bf8 41. Bf4 Be7 42. Bg5 Bd6 43. b3 Bc7 44. Kd2 Ba5 45. Bf6 Bb6 46. c4+ Ke6 47. Bc3 Bc7 48. Ke3 Bd6 49. Ba5 Be5 50. b4 Bc3 51. Bb6 cxb4 52. Ke2 Ke5 53. a5 h5 54. c5 Kd5 55. Ba7 Bd4 56. c6 Be5 57. Kd2 Kxc6 58. Kc2 Bc7 0-1

[Event "EU Union-ch U14 9th"]
[Site "Mureck"]
[Date "2011.08.11"]
[Round "9"]
[White "Ferreira, Luis Pedro Oliveira"]
[Black "Gaizauskaite, Ginte"]
[Result "0-1"]
[WhiteElo "1789"]
[BlackElo "1685"]
[PlyCount "80"]
[EventDate "2011.08.03"]
[EventType "swiss"]
[EventRounds "9"]
[EventCountry "AUT"]
[SourceTitle "CBM 143 Extra"]
[Source "ChessBase"]
[SourceDate "2011.08.29"]
[SourceVersion "1"]
[SourceVersionDate "2011.08.29"]
[SourceQuality "1"]

1. Nf3 d5 2. g3 g6 3. Bg2 Bg7 4. 0-0 e5 5. d3 Ne7 6. Nbd2 0-0 7. e4 h6 8. exd5 Nxd5 9. Nc4 Nc6 10. Re1 Re8 11. a4 Kh7 12. c3 f5 13. Qc2 a6 14. Bd2 Nb6 15. Rad1 Nxc4 16. dxc4 Qe7 17. Be3 Be6 18. b3 Rad8 19. Rxd8 Rxd8 20. Rd1 Rd7 21. Ne1 Rxd1 22. Qxd1 Qd7 23. Qxd7 Bxd7 24. Nd3 e4 25. Nf4 Na5 26. f3 exf3 27. Bxf3 Bxc3 28. Nd5 Be5 29. Bf4 Bd4+ 30. Be3 Bxe3+ 31. Nxe3 Bc6 32. Bxc6 Nxc6 33. Kf2 Kg7 34. Ke1 Nd4 35. b4 Nf3+ 36. Ke2 Nxh2 37. b5 Ng4 38. a5 Nxe3 39. Kxe3 Kf7 40. c5 c6 0-1

[Event "EU Union-ch U14 9th"]
[Site "Mureck"]
[Date "2011.08.10"]
[Round "8"]
[White "Gaizauskaite, Ginte"]
[Black "Cusmuliuc, Diana Elena"]
[Result "0-1"]
[WhiteElo "1685"]
[BlackElo "1695"]
[PlyCount "118"]
[EventDate "2011.08.03"]
[EventType "swiss"]
[EventRounds "9"]
[EventCountry "AUT"]
[SourceTitle "CBM 143 Extra"]
[Source "ChessBase"]
[SourceDate "2011.08.29"]
[SourceVersion "1"]
[SourceVersionDate "2011.08.29"]
[SourceQuality "1"]

1. d4 Nf6 2. g3 e6 3. Bg2 d5 4. Nf3 c5 5. 0-0 Nc6 6. c4 Be7 7. cxd5 Nxd5 8. Re1 0-0 9. e4 Nf6 10. e5 Nd5 11. a3 Qb6 12. dxc5 Bxc5 13. Qc2 Nd4 14. Nxd4 Bxd4 15. Bxd5 exd5 16. Be3 Bxe3 17. Rxe3 Be6 18. Qb3 Qa6 19. Qd3 Qc6 20. Nd2 Rac8 21. Qd4 Qa6 22. Nb3 Rc4 23. Qd2 Rfc8 24. Nd4 Qb6 25. Rd1 Bg4 26. f3 Be6 27. Kg2 Bf5 28. Rc3 Rxc3 29. bxc3 Be6 30. Rc1 Qc7 31. f4 Qd7 32. Kg1 Rd8 33. Qc2 g6 34. Qb3 b6 35. Qb4 Bf5 36. Qb5 Qc8 37. Nxf5 Qxf5 38. Qe2 Rc8 39. Qd2 Qe6 40. Rd1 Qc6 41. Rc1 Qc5+ 42. Kh1 d4 43. Qa2 dxc3 44. Rc2 Rd8 45. Re2 Qd5+ 46. Qxd5 Rxd5 47. Kg1 Rd2 48. Kf1 c2 49. Rxd2 c1Q+ 50. Ke2 Qxa3 51. Rd6 Qb2+ 52. Rd2 Qb5+ 53. Ke3 a5 54. Kd4 a4 55. Kc3 Qb1 56. Rb2 Qa1 57. Kc2 a3 58. Rxb6 Qd4 59. Rd6 Qb2+ 0-1

[Event "Baltija Cup op-A"]
[Site "Palanga"]
[Date "2011.06.22"]
[Round "7"]
[White "Gaizauskaite, Ginte"]
[Black "Kazakouski, Valery"]
[Result "0-1"]
[WhiteElo "1720"]
[BlackElo "1886"]
[PlyCount "74"]
[EventDate "2011.06.19"]
[EventType "swiss"]
[EventRounds "8"]
[EventCountry "LTU"]
[SourceTitle "EXT 2012"]
[Source "ChessBase"]
[SourceDate "2011.11.24"]
[SourceVersion "1"]
[SourceVersionDate "2011.11.24"]
[SourceQuality "1"]

1. d4 Nf6 2. g3 e6 3. Bg2 d5 4. c4 dxc4 5. Qa4+ Bd7 6. Qxc4 Bc6 7. Nf3 Be7 8. 0-0 0-0 9. Nc3 Nbd7 10. a3 a5 11. Bd2 a4 12. Rac1 Ra6 13. Qd3 Rb6 14. Qc2 Qa8 15. Ne1 Bxg2 16. Kxg2 c5 17. Nxa4 Ra6 18. Nc3 cxd4 19. Nb5 Rc6 20. Qb1 Rxc1 21. Bxc1 e5 22. e3 Qa4 23. Qd3 e4 24. b3 Qa6 25. Qc4 Nb6 26. Nc7 Qxc4 27. bxc4 d3 28. Bd2 Nxc4 29. Bc3 Rc8 30. Nb5 Nd5 31. a4 Nxc3 32. Nxc3 d2 33. Nc2 Nb2 34. Nd5 Bf8 35. Ndb4 Bxb4 36. Nxb4 Rc1 37. Na2 Rxf1 0-1

[Event "Baltija Cup op-A"]
[Site "Palanga"]
[Date "2011.06.20"]
[Round "3"]
[White "Valantiejus, Vaidotas"]
[Black "Gaizauskaite, Ginte"]
[Result "1-0"]
[WhiteElo "1963"]
[BlackElo "1720"]
[PlyCount "51"]
[EventDate "2011.06.19"]
[EventType "swiss"]
[EventRounds "8"]
[EventCountry "LTU"]
[SourceTitle "EXT 2012"]
[Source "ChessBase"]
[SourceDate "2011.11.24"]
[SourceVersion "1"]
[SourceVersionDate "2011.11.24"]
[SourceQuality "1"]

1. e4 c5 2. c3 d5 3. exd5 Qxd5 4. d4 Nc6 5. Nf3 e5 6. dxe5 Qxd1+ 7. Kxd1 Bg4 8. Bf4 0-0-0+ 9. Nbd2 Bxf3+ 10. gxf3 f6 11. Bh3+ Kc7 12. exf6+ Kb6 13. fxg7 Bxg7 14. Kc2 a6 15. Be3 Nf6 16. b4 Nd5 17. Bxc5+ Kc7 18. Ne4 b6 19. Be3 Be5 20. Rad1 Nce7 21. a3 Rdf8 22. Ng5 Kb7 23. c4 h6 24. Ne6 Nxe3+ 25. fxe3 Rf7 26. Nd8+ 1-0

[Event "Vilnius Panorama op"]
[Site "Vilnius"]
[Date "2011.05.13"]
[Round "1"]
[White "Gaizauskaite, Ginte"]
[Black "Juknis, Paulius"]
[Result "0-1"]
[WhiteElo "1720"]
[BlackElo "2112"]
[PlyCount "48"]
[EventDate "2011.05.13"]
[EventType "swiss"]
[EventRounds "5"]
[EventCountry "LTU"]
[SourceTitle "EXT 2014"]
[Source "ChessBase"]
[SourceDate "2013.11.20"]
[SourceVersion "1"]
[SourceVersionDate "2013.11.20"]
[SourceQuality "1"]

1. d4 d5 2. c4 e6 3. Nc3 c5 4. cxd5 cxd4 5. Qxd4 Nc6 6. Qd1 exd5 7. Nf3 d4 8. Ne4 Qd5 9. Ng3 Nf6 10. a3 Bc5 11. Bg5 Be6 12. Qd3 Ng4 13. Rc1 h6 14. Bf4 Bb6 15. Ne4 0-0 16. g3 Bf5 17. Nfd2 Nce5 18. Qb1 Nxf2 19. Kxf2 d3+ 20. e3 Bxe4 21. Nxe4 Qxe4 22. Bg2 Ng4+ 23. Kf1 Nxe3+ 24. Bxe3 Qxe3 0-1